| 000 | 00644nam a2200217 a 4500 | ||
|---|---|---|---|
| 005 | 20240320063711.0 | ||
| 008 | 090615s2006 mx r 000 0 spa d | ||
| 020 | _a8467511109 | ||
| 035 | _aUPN01000171175 | ||
| 049 | _aCG | ||
| 050 | 4 |
_aPS3568 A4.13 _bC6.5 |
|
| 100 | 1 | _aRahlens, Holly-Jane | |
| 245 | 1 | 0 |
_aCómo se besa de verdad / _cHolly-Jane Rahlens ; tr. Xohana Bastida. |
| 260 |
_aMadrid : _bSM, _c2006. |
||
| 300 | _a265 p. | ||
| 440 | 0 |
_aGran angular ; _v75. _pAlerta roja |
|
| 534 |
_pTítulo original: _tHow to really kiss |
||
| 650 | 0 |
_aAmor en la literatura _94325 |
|
| 650 | 4 |
_aNovela estadounidense _94462 |
|
| 905 | _aLibro | ||
| 999 |
_c143280 _d143280 |
||